00388nam a2200145 4500020001800000082001500018100001300033245005200046260002900098300001000127650002800137650002200165650003500187650002000222 a9788121908832 a577.14 DAR aDara,S.S aA environmental chemistry and pollution control aNew DelhibS.Chandc1993 a402 p aenvironmental chemistry apollution control agenetic and plant biodiversity agreen chemistry